| 000 | 00597nam a22001937a 4500 | ||
|---|---|---|---|
| 003 | OSt | ||
| 005 | 20220107122807.0 | ||
| 008 | 151125b xxu||||| |||| 00| 0 eng d | ||
| 040 | _c | ||
| 100 |
_aRoshini Varghese (93514012) _98138 |
||
| 245 | _aReversible data hiding in encrypted images | ||
| 500 | _aMini Project Report, Mphill CS | ||
| 502 |
_bMphill. Computer Science _c2014-2015 _dINT _eTony Thomas |
||
| 650 |
_aCOMPUTING METHODOLOGIES _98139 |
||
| 650 |
_aARTIFICIAL INTELLIGENCE _98140 |
||
| 650 |
_aCOMPUTER VISION _98141 |
||
| 650 |
_aIMAGE REPRESENTATIONS _98142 |
||
| 942 |
_2ddc _cPR |
||
| 999 |
_c4897 _d4897 |
||